Zámok Bojnice - národná kultúrna pamiatka Zámocká kaplnka : Bojnický oltár bol namaľovaný v 50-tych rokoch 14. storočia talianskym maliarom Nardom di Cione

Zobrazenie:

Bibliographic Details
Format: Photo
Language:Slovak
PhysicalDescription:1 pohľadnica (2 čiastkové pohľady) farebná 15 x 11 cm
Published: Bratislava AVE E.Frická 1997
Series:Z klenotnice kultúrnych pamiatok na Slovensku
Subjects:

MARC

LEADER 00000ckm a2200000 a 4500
001 vtls001322636
003 SK-MaSNL
005 20260301073713.0
007 kf co
008 200701s1997 xo g 0kuslo
015 |a SNBG1999/01-00121 
035 |a SNK000275316 
040 |a SNK  |b slo  |c SNK  |e AACR2 
041 0 |a slo 
043 |a e-xo--- 
044 |a xo  |c SK 
072 7 |a 913  |x Regionálna geografia  |2 konspekt 
080 |a 913(437.6)  |2 2011 
080 |a 904(084.121)  |2 2011 
080 |a 728.8:913.437.654(084.121)  |2 1981 
245 0 0 |a Zámok Bojnice - národná kultúrna pamiatka  |h grafika  |b Zámocká kaplnka : Bojnický oltár bol namaľovaný v 50-tych rokoch 14. storočia talianskym maliarom Nardom di Cione 
246 1 |i Názov na obrazovej časti:  |a Bojnický oltár 
260 |a Bratislava  |b AVE E.Frická  |c 1997 
300 |a 1 pohľadnica (2 čiastkové pohľady)  |b farebná  |c 15 x 11 cm 
490 1 |a Z klenotnice kultúrnych pamiatok na Slovensku 
500 |a Na adresnej časti uvedené: "SNM - Múzeum Bojnice", adresa, telefónne číslo, fax múzea a "Otvorené denne okrem pondelka" 
520 8 |a Zobrazenie: 
650 0 7 |a Bojnický oltár (Bojnice, Slovensko)  |2 SNKPH  |9 17556 
651 7 |a Bojnice (Slovensko)  |2 SNKPHgeo  |9 30288 
655 7 |a miestne pohľadnice  |2 SNKPH  |9 70510 
655 7 |a pohľadnice kultúrnych pamiatok  |2 SNKPH  |9 70523 
958 |a GBN 
958 |a GC 
958 |a OND 
999 |c 644949  |d 646879 
952 |t P60, <03>, [BOOK], {603}  |a SNK  |b SNK  |y PREZ  |7 0  |p 17A1281077  |o snkSP 148399  |i snkPV 380/98  |0 0  |1 0  |4 0  |d 1998-02-27  |l 0  |r 2005-01-02 00:00:00  |w 2026-02-23 
952 |t P60, <04>, [BOOK], {604}  |a SNK  |b SNK  |y PREZ  |7 0  |p 17A1281076  |o snkSP 148399 D1  |i snkPV 381/98  |0 0  |1 0  |4 0  |d 1998-02-27  |l 0  |r 2005-01-02 00:00:00  |w 2026-02-23